LEADER 00868nam a2200229 i 4500 001 000000155452 003 CaOOAMICUS 005 20061111000000.0 008 061111s1972 it u000 u ita u 013 $a132804 040 $aSeMil$bita 100 1 $aScerrato, Umberto.$0(OLS)http://semarc/name/17995 245 10$aIslam /$ctesto di : Umberto Scerrato ; presentazione di John Johansen. 260 $aMilano :$bMondadori,$ccopyr. 1972. 300 $a191 p. :$bill. ;$c34 cm. 490 0 $aGrandi monumenti 700 1 $aJohansen, John.$0(OLS)http://semarc/name/60796 830 0$aGrandi monumenti.$0(OLS)http://semarc/title/22242 850 $aSeMil 852 $aSeMil$W1$xVenegono$y1$m5I XI 12$j107283$B107283$CSeMilBibl$Z2$F116685 $8I 996 $6245$aIslam$9(OLS)http://semarc/title/52655 996 $6260$aMilano :$bMondadori$9(OLS)http://semarc/publisher/30335 LEADER 00851nam a2200217 i 4500 001 000000128200 003 CaOOAMICUS 005 20040719000000.0 008 040719s1966 it u000 u ita u 013 $a100922 040 $aSeMil$bita 245 10$aUmberto Boccioni. 260 $aMilano :$bFratelli Fabbri Editori,$ccopyr. 1966. 300 $a1 fasc. :$bill., tav. ;$c36 cm. 490 0 $aI maestri della scultura ;$v23.[3] 600 14$aBoccioni, Umberto <1882-1916>.$0(OLS)http://semarc/subject/25235 830 2$aI maestri della scultura ;$v23.[3].$0(OLS)http://semarc/title/15794 850 $aSeMil 852 $aSeMil$W1$xVenegono$y1$m5J VII 3/23$j82428$B82428$CSeMilBibl$Z2$F84756 $81 996 $6245$aUmberto Boccioni$9(OLS)http://semarc/title/189420 996 $6260$aMilano :$bFratelli Fabbri Editori$9(OLS)http://semarc/publisher/29845